Centenaire de la Société vaudoise des sciences naturelles [1818-1919] (Record no. 26099)

MARC details
000 -LEADER
fixed length control field 00667cam a22002171 4500
001 - CONTROL NUMBER
control field gs 21000245
003 - CONTROL NUMBER IDENTIFIER
control field DLC
005 - DATE AND TIME OF LATEST TRANSACTION
control field 20260227111325.0
008 - FIXED-LENGTH DATA ELEMENTS--GENERAL INFORMATION
fixed length control field 850617s1919 sz 000 0 fre c
010 ## - LIBRARY OF CONGRESS CONTROL NUMBER
LC control number gs 21000245
035 ## - SYSTEM CONTROL NUMBER
System control number (OCoLC)12167967
040 ## - CATALOGING SOURCE
Original cataloging agency Library, U.S. Geological Survey
Transcribing agency NRU
Modifying agency DLC
042 ## - AUTHENTICATION CODE
Authentication code premarc
050 00 - LIBRARY OF CONGRESS CALL NUMBER
Classification number Q67
Item number .L4
110 2# - MAIN ENTRY--CORPORATE NAME
Corporate name or jurisdiction name as entry element Société vaudoise des sciences naturelles.
245 00 - TITLE STATEMENT
Title Centenaire de la Société vaudoise des sciences naturelles [1818-1919]
260 ## - PUBLICATION, DISTRIBUTION, ETC.
Place of publication, distribution, etc. Lausanne,
Name of publisher, distributor, etc. Imprimeries réunies, s.a.,
Date of publication, distribution, etc. 1919.
300 ## - PHYSICAL DESCRIPTION
Extent 91 p.
Dimensions 23 cm.
500 ## - GENERAL NOTE
General note Title vignette.
650 #0 - SUBJECT ADDED ENTRY--TOPICAL TERM
Topical term or geographic name entry element Natural history
General subdivision Societies, etc.

No items available.

Powered by Koha